[Event "Commonwealth-ch U20"]
[Site "New Delhi"]
[Date "2019.07.06"]
[Round "6.2"]
[White "Dutta, Sarthak"]
[Black "Mahindrakar, Indrajeet"]
[Result "0-1"]
[WhiteElo "1702"]
[BlackElo "2092"]
[PlyCount "108"]
[EventDate "2019.07.01"]
[EventType "swiss"]
[EventRounds "7"]
[EventCountry "IND"]
[SourceTitle "EXT 2024"]
[Source "ChessBase"]
[SourceDate "2023.10.10"]
[SourceVersion "1"]
[SourceVersionDate "2023.10.10"]
[SourceQuality "1"]

1. Nf3 d5 2. c4 c6 3. e3 Nf6 4. d4 g6 5. Be2 Bg7 6. 0-0 0-0 7. Nc3 Nbd7 8. b3 Qa5 9. Bd2 dxc4 10. bxc4 e5 11. Nd5 Qd8 12. Nxf6+ Qxf6 13. Bc3 e4 14. Nd2 Qe7 15. Rc1 Nf6 16. Nb3 h5 17. h3 Rd8 18. Rc2 Nh7 19. Qe1 Bf5 20. Rb2 Ng5 21. c5 b6 22. f4 exf3 23. Bxf3 Nxf3+ 24. Rxf3 Be4 25. Rf1 Bd3 26. Rf3 Rd5 27. cxb6 axb6 28. Nd2 Rb5 29. Nb3 Rf5 30. Rxf5 Bxf5 31. Nd2 c5 32. Nf3 Bh6 33. Bd2 Qe4 34. Qh4 Bxe3+ 35. Bxe3 Qxe3+ 36. Kh2 Be4 37. Ne5 Qxd4 38. Qf6 Bd5 39. Nd7 Rxa2 40. Rxa2 Bxa2 41. Ne5 h4 42. Qg5 Qd6 43. Kg1 Qd1+ 44. Kh2 Qd6 45. Kg1 c4 46. Ng4 Qc5+ 47. Qxc5 bxc5 48. Kf2 Bb1 49. Ke3 Kg7 50. Ne5 c3 51. Nf3 Be4 52. Nxh4 c4 53. Nf3 Bxf3 54. gxf3 Kf6 0-1

[Event "Commonwealth-ch"]
[Site "New Delhi"]
[Date "2019.06.30"]
[Round "2"]
[White "Dutta, Sarthak"]
[Black "Wagh, Suyog"]
[Result "0-1"]
[WhiteElo "1702"]
[BlackElo "2250"]
[PlyCount "144"]
[EventDate "2019.06.30"]
[EventType "swiss"]
[EventRounds "9"]
[EventCountry "IND"]
[SourceTitle "CBM 191 Extra"]
[Source "ChessBase"]
[SourceDate "2019.09.30"]
[SourceVersion "1"]
[SourceVersionDate "2019.09.30"]
[SourceQuality "1"]

1. Nf3 c5 2. c4 Nf6 3. g3 b6 4. Bg2 Bb7 5. 0-0 e6 6. Re1 Be7 7. Nc3 d6 8. d3 0-0 9. a3 Nc6 10. e4 Nd7 11. Rb1 Bf6 12. Bf4 Nde5 13. Qd2 Qd7 14. Rbd1 Rac8 15. Bg5 Qe7 16. Bxf6 Qxf6 17. Qf4 Qxf4 18. gxf4 Nxf3+ 19. Bxf3 Rfd8 20. Bg2 Ba8 21. Ne2 Kf8 22. Ng3 Rb8 23. a4 a6 24. e5 dxe5 25. fxe5 Nb4 26. Bxa8 Rxa8 27. Re3 Ra7 28. Ne4 Nc6 29. f4 Rad7 30. Rd2 Rd4 31. Kf2 Ne7 32. Kf3 Nc6 33. h4 Na5 34. Ke2 f5 35. exf6 gxf6 36. Rc2 Kf7 37. Rc3 h6 38. Kf3 Rg8 39. Re1 Rd7 40. Nf2 Nc6 41. Ne4 Nd4+ 42. Ke3 a5 43. Rf1 Rg4 44. Nf2 Rg3+ 45. Kd2 Rf3 46. Ke1 Re3+ 47. Kd2 Rf3 48. Ke1 Rxf4 49. Ne4 Rxf1+ 50. Kxf1 f5 51. Nd2 Kf6 52. Kf2 Nc6 53. Nf3 Nb4 54. Ke3 e5 55. Ne1 Rd4 56. Nf3 Rd8 57. Nd2 Rg8 58. Rc1 Rg3+ 59. Ke2 Nxd3 60. Rf1 Nf4+ 61. Kd1 Ke6 62. Nb1 Nd3 63. Kc2 e4 64. Nc3 Rg2+ 65. Kd1 Nxb2+ 66. Ke1 Ke5 67. Nd5 Nd3+ 68. Kd1 f4 69. h5 e3 70. Nxe3 fxe3 71. Rf5+ Kd4 72. Rd5+ Kxc4 0-1

[Event "Commonwealth-ch U20"]
[Site "New Delhi"]
[Date "2018.06.29"]
[Round "4"]
[White "Karthik, Venkataraman"]
[Black "Dutta, Sarthak"]
[Result "1-0"]
[WhiteElo "2475"]
[BlackElo "1623"]
[PlyCount "63"]
[EventDate "2018.06.26"]
[EventType "swiss"]
[EventRounds "7"]
[EventCountry "IND"]
[SourceTitle "CBM 185 Extra"]
[Source "ChessBase"]
[SourceDate "2018.07.29"]
[SourceVersion "1"]
[SourceVersionDate "2018.07.29"]
[SourceQuality "1"]

1. e4 c6 2. d4 d5 3. e5 c5 4. dxc5 e6 5. a3 Nc6 6. Nf3 Bxc5 7. b4 Bb6 8. Bb2 Nge7 9. Bd3 g6 10. Nbd2 a5 11. b5 Nb8 12. c4 Nd7 13. cxd5 Nc5 14. Nc4 Nxd3+ 15. Qxd3 Nxd5 16. Nd6+ Kf8 17. Rd1 a4 18. 0-0 h6 19. Qc2 Qc7 20. Qe4 Bc5 21. Nh4 Rg8 22. Bc1 Bxd6 23. Bxh6+ Ke8 24. exd6 Qxd6 25. Rfe1 Kd7 26. Qf3 f5 27. Bf4 Qc5 28. Re5 Qc4 29. Qe3 Qb3 30. Rdxd5+ exd5 31. Re7+ Kd8 32. Bc7# 1-0

[Event "Commonwealth-ch U20"]
[Site "New Delhi"]
[Date "2018.06.26"]
[Round "1"]
[White "Sidhant, Mohapatra"]
[Black "Dutta, Sarthak"]
[Result "1/2-1/2"]
[WhiteElo "2370"]
[BlackElo "1623"]
[PlyCount "136"]
[EventDate "2018.06.26"]
[EventType "swiss"]
[EventRounds "7"]
[EventCountry "IND"]
[SourceTitle "CBM 185 Extra"]
[Source "ChessBase"]
[SourceDate "2018.07.29"]
[SourceVersion "1"]
[SourceVersionDate "2018.07.29"]
[SourceQuality "1"]

1. c4 Nf6 2. Nc3 e6 3. Nf3 c5 4. e3 Nc6 5. d4 cxd4 6. exd4 d5 7. Bg5 Be7 8. c5 0-0 9. Bb5 a5 10. 0-0 Ne4 11. Nxe4 dxe4 12. Bxc6 bxc6 13. Bxe7 Qxe7 14. Ne5 f6 15. Nc4 Ba6 16. Rc1 Rfd8 17. Re1 Bxc4 18. Rxc4 f5 19. f3 exf3 20. Qxf3 Qd7 21. b3 Rab8 22. Qc3 Ra8 23. Re5 Kf7 24. Ra4 Ra7 25. h3 g6 26. Kh1 Qc7 27. Qe1 Qd7 28. Qh4 Kg7 29. Qf4 h5 30. Qe3 Kf6 31. h4 Raa8 32. Rc4 Kf7 33. Ra4 Rdb8 34. Rc4 Rb4 35. Qh6 Kf6 36. Qf4 Kf7 37. Qh6 Kf6 38. Qe3 Kf7 39. a3 Rxc4 40. bxc4 Rd8 41. d5 cxd5 42. cxd5 exd5 43. Qh6 Kf6 44. Re3 Qc7 45. Rb3 Rb8 46. Qg5+ Kf7 47. Rg3 Rb1+ 48. Kh2 Qc6 49. Qh6 Qf6 50. Qh7+ Qg7 51. Qxg7+ Kxg7 52. Rd3 Ra1 53. c6 Rc1 54. Rxd5 Rxc6 55. Rxa5 Rc4 56. Kg3 Rg4+ 57. Kh3 Rc4 58. a4 Rc3+ 59. Kh2 Rc4 60. Kg3 Rg4+ 61. Kh3 Rb4 62. Ra8 f4 63. a5 Rb3+ 64. Kh2 Rb2 65. Kg1 Ra2 66. a6 Kh7 67. Kf1 Kg7 68. Ra7+ Kf6 1/2-1/2